| 000 | 005450000a22001810004500 | ||
|---|---|---|---|
| 003 | MACL | ||
| 005 | 20160227140022.0 | ||
| 008 | 160227b xxu||||| |||| 00| 0 eng d | ||
| 040 |
_aMACL _cMACL |
||
| 041 | _aHindi | ||
| 082 | _a800 | ||
| 100 |
_aअयोध्याप्रसाद गोयलीय _940895 |
||
| 245 | _aजैन जागरणके अग्रदूत | ||
| 260 |
_bभारतीय ज्ञानपीठ _c1952 _aकाशी |
||
| 350 | _a5 | ||
| 650 |
_aLiteracture _939932 |
||
| 942 |
_cHIN _k800 _2ddc |
||
| 999 |
_c23824 _d23824 |
||